• 首页
  • 本馆介绍
  • 公告通知
  • 最新文献
  • 馆藏检索
  • 电子资源
  • 读者导购
  • 参考咨询
  • 我的图书馆
  • 登录
  • 详细信息显示
  • 放入我的书架
  • 预约/预借图书
  • 作者相关作品
  • 分类相关作品
  • 丛书相关作品
  • 出版社相关作品

书目信息

  • 表格格式
  • 工作单格式
  • 卡片格式
题名:
二战谍雄
    
 
作者: 李乡状 编著
分册:  
出版信息: 北京   团结出版社  2014
页数: 232页
开本: 24cm
丛书名: 二战浪漫曲
单 册:
中图分类: D526 , K152
科图分类:
主题词: 第二次世界大战--Di Er Ci Shi Jie Da Zhan--间谍--情报活动--史料
电子资源:
ISBN: 978-7-5126-2340-8
000 01033nam 2200289 45
001 012001010457
005 20131102092332.0
010    @a978-7-5126-2340-8@dCNY48.00
099    @aCAL 012014047422
100    @a20140228d2014 em y0chiy50 ea
101 0  @achi
102    @aCN@b110000
105    @aa z 000yy
106    @ar
200 1  @a二战谍雄@AEr Zhan Die Xiong@d= World war Ⅱ spy male@f李乡状编著@zeng
210    @a北京@c团结出版社@d2014
215    @a232页@c图@d24cm
225 2  @a二战浪漫曲@AEr Zhan Lang Man Qu
330    @a本书以描写间谍深入敌后的故事为主线,对间谍活动中表现出来的智慧、勇敢、机警、善良与大义进行细致的描述,读者阅读后可以更加深入地了解这些无名英雄的酸甜苦辣以及他们为信仰做出的牺牲。
410  0 @12001@a二战浪漫曲
510 1  @aWorld war Ⅱ spy male@zeng
606 0  @a第二次世界大战@ADi Er Ci Shi Jie Da Zhan@x间谍@x情报活动@j史料
690    @aD526@v5
690    @aK152@v5
701  0 @a李乡状@ALi Xiang Zhuang@4编著
801  2 @aCN@b上海新华@c20191020
905    @b1181653-6@dD526@e260@f4
    
    二战谍雄= World war Ⅱ spy male/李乡状编著.-北京:团结出版社,2014
    232页:图;24cm.-(二战浪漫曲)
    
    
    ISBN 978-7-5126-2340-8:CNY48.00
    本书以描写间谍深入敌后的故事为主线,对间谍活动中表现出来的智慧、勇敢、机警、善良与大义进行细致的描述,读者阅读后可以更加深入地了解这些无名英雄的酸甜苦辣以及他们为信仰做出的牺牲。
●
相关链接 在E读中查询图书 在五车中查询图书 在当当中查询图书 在豆瓣中查询图书


正题名:二战谍雄     索取号:D526/260         预约/预借

序号 登录号 条形码 馆藏地/架位号 状态 备注
1 1181653   211816533   第一样本阅览室/ [索取号:D526/260] 在馆    
2 1181654   211816542   第一借阅区/ [索取号:D526/260] 在馆    
3 1181655   211816551   第一借阅区/ [索取号:D526/260] 在馆    
4 1181656   211816560   第一借阅区/ [索取号:D526/260] 在馆    
唐山师范学院图书馆 欢迎您!
大连网信软件有限公司© 版权所有